Population | City |
189,033 | Geneva | | 69.4% | 165,566 | Basel | | 68.3% | 191,501 | Linz | | 66.5% | 195,021 | Aberdeen | | 65.8% | 167,121 | Split | | 65.2% | 195,931 | Liège | | 63.6% | 198,951 | Burgas | | 62.1% | 180,225 | Turku | | 62.1% | 179,692 | Trondheim | | 60.5% | 179,485 | Swansea | | 59.6% | 183,164 | Niš | | 59.4% | 195,418 | Groningen | | 58.7% | 170,327 | Odense | | 58.3% | 177,714 | Parma | | 58% | 150,977 | Podgorica | | 56.3% | 186,682 | Norwich | | 55.7% | 195,265 | Pátrai | | 55.6% | 190,847 | Oulu | | 55.4% | 170,322 | Plzeň | | 54.7% | 180,752 | Reims | | 54% | 186,500 | Donostia-San Sebastián | | 53.8% | 150,997 | Banja Luka | | 53.6% | 179,353 | Modena | | 53.3% | 157,452 | Irákleion | | 53.1% | 151,672 | Dijon | | 52.5% | 152,841 | York | | 52.1% | 198,728 | Taranto | | 51.8% | 163,974 | Toulon | | 51.6% | 188,520 | Brescia | | 51.6% | 159,994 | Oxford | | 51.5% | 153,093 | Haarlem | | 50.9% | 178,140 | Breda | | 50.7% | 180,686 | Reggio di Calabria | | 50.7% | 174,286 | Sunderland | | 50.6% | 192,697 | Almería | | 50.4% | 177,123 | Santander | | 50.4% | 196,955 | Pamplona | | 50.2% | 174,156 | Le Havre | | 49.3% | 157,424 | Grenoble | | 49.1% | 158,891 | Klaipėda | | 48.2% |
|
Population | City |
195,213 | Almere | | 48% | 179,097 | Burgos | | 48% | 163,928 | Reggio nell'Emilia | | 46.7% | 162,986 | Perugia | | 46.2% | 156,998 | Livorno | | 46.2% | 187,503 | Bournemouth | | 46.1% | 161,837 | Szeged | | 46% | 166,382 | Nijmegen | | 45.8% | 187,159 | Prato | | 45.8% | 170,049 | Saint-Étienne | | 45.5% | 154,288 | Ravenna | | 45.5% | 150,335 | Heidelberg | | 44.4% | 176,996 | Saarbrücken | | 44% | 159,456 | Potsdam | | 44% | 158,627 | Enschede | | 43.3% | 150,621 | Badajoz | | 43.1% | 175,136 | Amadora | | 42.4% | 162,905 | Miskolc | | 42% | 176,440 | Hamm | | 42% | 172,693 | Albacete | | 41.7% | 182,441 | Swindon | | 41.6% | 192,874 | Kassel | | 41.3% | 155,625 | Osnabrück | | 41.3% | 174,700 | Middlesbrough | | 41.1% | 157,315 | Apeldoorn | | 40.2% | 172,526 | Getafe | | 40.2% | 161,707 | Peterborough | | 39.8% | 159,926 | Leverkusen | | 39.5% | 194,189 | Bolton | | 39.1% | 171,750 | Milton Keynes | | 38.2% | 175,547 | Southend-on-Sea | | 37.8% | 186,243 | Hagen | | 37.7% | 158,658 | Oldenburg | | 37.7% | 154,718 | Poole | | 37.3% | 160,179 | Ludwigshafen | | 37.3% | 196,367 | Oradea | | 37.1% | 154,563 | Herne | | 36.6% | 159,074 | Arad | | 36.4% | 155,383 | Pitești | | 36.4% | 197,520 | Fuenlabrada | | 35.9% |
|
Population | City |
162,949 | Huddersfield | | 35.1% | 151,486 | Neuss | | 35% | 153,066 | Logroño | | 34.2% | 169,773 | Alcorcón | | 33.9% | 155,316 | Solingen | | 33.5% | 186,502 | Vila Nova de Gaia | | 32.8% | 186,995 | Leganés | | 32.6% | 155,298 | Slough | | 32.4% | 180,302 | Brăila | | 32.1% | 186,210 | Gliwice | | 31.7% | 179,452 | Zabrze | | 31.3% | 180,185 | Castellón de la Plana | | 30.1% | 166,654 | Mülheim | | 29% | 150,835 | Kragujevac | | 28.8% | 174,724 | Bytom | | 28.3% | 182,028 | Rzeszów | | 25.2% | 174,370 | Bielsko-Biała | | 22.5% | 174,641 | Olsztyn | | 21.9% | 165,456 | Warrington | | 21.3% | 194,843 | Rybinsk | | 19.1% | 191,799 | Armavir | | 17.8% | 151,718 | La Laguna | | 17.6% | 187,284 | Severodvinsk | | 16.6% | 194,573 | Balakovo | | 16.6% | 157,409 | Elektrostal | | 16.2% | 183,224 | Mytishchi | | 15.1% | 173,464 | Novocherkassk | | 13.9% | 170,685 | Baranovichi | | 12.9% | 185,067 | Lyubertsy | | 12.6% | 187,811 | Korolyov | | 12.1% | 156,984 | Melitopol | | 12.1% | 150,696 | Berezniki | | 11.2% | 150,824 | Miass | | 10.6% | 170,920 | Zlatoust | | 10.1% | 176,057 | Syzran | | 9.9% | 164,283 | Kramatorsk | | 9.8% | 170,074 | Volgodonsk | | 9.7% | 154,593 | Salavat | | 8.8% |
|
Comments